Demografické východiská rozvoja regiónov a politiky kvality v Slovenskej republike

Analýza demografického vývoja v SR podľa krajov ako určujúceho faktora rozvoja vidieka v širšom chápaní a politiky kvality v užšom zmysle slova.

Saved in:
Bibliographic Details
Main Author: Košútová, Tatiana, 1962-
Format: Book Chapter
Language:Slovak
Subjects:
Tags: Add Tag
No Tags, Be the first to tag this record!

MARC

LEADER 00000naa a2200000 4500
001 0205737
005 20240502073426.4
041 0 |a slo 
044 |a SK 
245 1 0 |a Demografické východiská rozvoja regiónov a politiky kvality v Slovenskej republike  |c Tatiana Košútová 
520 |a Analýza demografického vývoja v SR podľa krajov ako určujúceho faktora rozvoja vidieka v širšom chápaní a politiky kvality v užšom zmysle slova. 
610 2 0 |a Slovensko 
610 2 0 |a analýza komparatívna 
610 2 0 |a rozvoj regionálny 
610 2 0 |a kvalita 
610 2 0 |a poľnohospodárstvo 
610 2 0 |a demografia ekonomická 
100 1 |a Košútová, Tatiana, 1962-